RASPUTIN A NEW JUDGEMENT. (Record no. 1284512)

MARC details
000 -LEADER
fixed length control field 00482nam a2200181Ia 4500
008 - FIXED-LENGTH DATA ELEMENTS--GENERAL INFORMATION
fixed length control field 151202s9999||||xx |||||||||||||| ||und||
082 ## - DEWEY DECIMAL CLASSIFICATION NUMBER
Item number PNVM-18528
100 ## - MAIN ENTRY--PERSONAL NAME
Personal name FITZGERALD EDWARD.
245 ## - TITLE STATEMENT
Title RASPUTIN A NEW JUDGEMENT.
260 ## - PUBLICATION, DISTRIBUTION, ETC. (IMPRINT)
Name of publisher, distributor, etc FREDRICK MULLER & CO. LONDON.
260 ## - PUBLICATION, DISTRIBUTION, ETC. (IMPRINT)
Date of publication, distribution, etc 0
300 ## - PHYSICAL DESCRIPTION
Extent 264
600 ## - SUBJECT ADDED ENTRY--PERSONAL NAME
Personal name FITZGERALD EDWARD.
630 ## - SUBJECT ADDED ENTRY--UNIFORM TITLE
Uniform title RASPUTIN A NEW JUDGEMENT.
700 ## - ADDED ENTRY--PERSONAL NAME
Personal name FITZGERALD EDWARD.
730 ## - ADDED ENTRY--UNIFORM TITLE
Uniform title RASPUTIN A NEW JUDGEMENT.
942 ## - ADDED ENTRY ELEMENTS (KOHA)
Koha item type Book
Holdings
Withdrawn status Lost status Damaged status Not for loan Home library Current library Date acquired Cost, normal purchase price Total Checkouts Full call number Barcode Date last seen Cost, replacement price Price effective from Koha item type
        Pune Nagar Vachan Mandir, Pune Pune Nagar Vachan Mandir, Pune 06/21/2015 0.00   PNVM-18528 PNVM-18528 12/02/2015 0.00 12/02/2015 Book